| 000 | 00859cam a22002533a 4500 | ||
|---|---|---|---|
| 001 | 9890 | ||
| 003 | PGUSA | ||
| 005 | 20140828083217.0 | ||
| 008 | 060201s2006||||xxu|||||s|||||000 | eng d | ||
| 040 |
_aPGUSA _beng |
||
| 042 | _adc | ||
| 050 | 4 | _aF2201 | |
| 100 | 1 | _aCampano, Lorenzo | |
| 245 | 1 | 0 |
_aBiografia del libertador Simon Bolívar, ó La independencia de la América del sud : _bReseña histórico-biográfica _h[electronic resource] / _cLorenzo Campano |
| 260 |
_bProject Gutenberg, _c2006 |
||
| 506 | _aPublic domain in the USA. | ||
| 516 | _aElectronic text | ||
| 653 | _aSouth America -- History -- Wars of Independence, 1806-1830 | ||
| 653 | _aBolívar, Simón, 1783-1830 | ||
| 653 | _aHeads of state -- South America -- Biography | ||
| 830 | 0 |
_aProject Gutenberg _v9890 |
|
| 856 | 4 | 0 | _uhttp://www.gutenberg.org/ebooks/9890 |
| 942 | _cEB | ||
| 999 |
_c239146 _d239146 |
||